[Event "AUTO-INT-1064"]
[Site "http://www.queenalice.com/game.php?id=475200"]
[Date "2008.10.9"]
[Round "1"]
[White "daga2008"]
[Black "berguette"]
[Result "1-0"]
[WhiteElo "1579"]
[BlackElo "1493"]

1. e4 e5 2. Qh5 Nf6 3. Qxe5+ Be7 4. Qf5 O-O 5. h4 d6 6. Qf3 Bg4 7. Qb3 d5 8. e5
Ne4 9. Be2 Bxe2 10. Kxe2 Bxh4 11. g3 Bg5 12. Nf3 Nc6 13. d3 Nc5 14. Qc3 b6 15.
Bxg5 Ne7 16. b4 Na4 17. Qb3 b5 18. c4 dxc4 19. dxc4 Qd7 20. Qd1 Qc6 21. Qd3 Rfd8
22. Qxh7+ Kf8 23. Qh8+ Ng8 24. Rh7 Qxc4+ 25. Ke3 Rd3+ 26. Ke2 Qc2+ 27. Nbd2 Nc3+
28. Ke1 Re8 29. Qxg7# 1-0

[Event "AUTO-INT-1064"]
[Site "http://www.queenalice.com/game.php?id=475201"]
[Date "2008.10.9"]
[Round "1"]
[White "berguette"]
[Black "daga2008"]
[Result "1-0"]
[WhiteElo "1480"]
[BlackElo "1579"]

1. e4 e5 2. Nf3 Nc6 3. Bb5 a6 4. Bc4 b5 5. Bd5 Nge7 6. Nc3 b4 7. Na4 Bb7 8. O-O
Nxd5 9. exd5 Ne7 10. Re1 Bxd5 11. c3 bxc3 12. dxc3 Nf5 13. Nxe5 Be7 14. Qxd5 Rf8
15. Bf4 c6 16. Qc4 Qc8 17. Ng4 Qb7 18. Qe4 g6 19. Nc5 Qc8 20. Bd6 Kd8 21. Bxe7+
Nxe7 22. Qxe7+ Kc7 23. Rad1 Rd8 24. Qe5+ d6 25. Qe7+ Rd7 26. Qf6 Rd8 27. Re7+
Kb6 28. b4 Rb8 29. Na4+ Kb5 30. Nb2 h5 31. a4+ Kb6 32. Nc4# 1-0

[Event "AUTO-INT-1064"]
[Site "http://www.queenalice.com/game.php?id=475206"]
[Date "2008.10.9"]
[Round "1"]
[White "Poirot"]
[Black "berguette"]
[Result "1-0"]
[WhiteElo "1589"]
[BlackElo "1500"]

1. e4 e5 2. f4 exf4 3. d4 Nf6 4. e5 Ne4 5. Nf3 Bb4+ 6. Nbd2 O-O 7. Bd3 d5 8. c3
Be7 9. Nxe4 dxe4 10. Bxe4 Nc6 11. Bxf4 f5 12. Bc2 b5 13. O-O b4 14. d5 Na5 15.
d6 cxd6 16. cxb4 Nc4 17. exd6 Bxd6 18. Bxd6 Nxd6 19. a4 g5 20. Qd5+ Rf7 21. Nxg5
h6 22. Nxf7 Bb7 23. Qxd6 Qe8 24. Nxh6+ Kg7 25. Nxf5+ Kh7 26. Qh6+ Kg8 27. Qg7#
1-0

[Event "AUTO-INT-1064"]
[Site "http://www.queenalice.com/game.php?id=475207"]
[Date "2008.10.9"]
[Round "1"]
[White "berguette"]
[Black "Poirot"]
[Result "0-1"]
[WhiteElo "1514"]
[BlackElo "1674"]

1. e4 f5 2. Nc3 e5 3. Nf3 Nh6 4. Nxe5 Qh4 5. Bb5 fxe4 6. g3 Qe7 7. f4 a6 8. Ba4
g5 9. Nd5 Qd8 10. O-O b5 11. Bb3 gxf4 12. gxf4 Bc5+ 13. d4 Rg8+ 14. Kh1 Qh4 15.
Nxc7+ Kd8 16. Nxa8 Rg3 17. Rg1 d6 18. Rxg3 dxe5 19. dxe5+ Ke7 20. Rg7+ Nf7 21.
Bxf7 Kf8 22. Nc7 Kxg7 23. e6 Bd6 24. Qxd6 Qe1+ 25. Kg2 Qe2+ 26. Kg3 Qf3+ 27. Kh4
Qf2+ 28. Kg5 Qg2+ 29. Kf5 Qh3+ 30. Kxe4 Bb7+ 31. Ke5 Nc6+ 32. Kd5 Qf5+ 33. Qe5+
Nxe5+ 34. Kd6 Nxf7+ 35. exf7 Qxf7 36. Be3 Qf8+ 37. Kd7 Bc8+ 38. Kc6 Qf6+ 39. Kc5
Qe7+ 40. Kb6 Qxe3+ 41. Kc6 Qe4+ 42. Kd6 Qxf4+ 43. Kd5 Qxc7 44. Rg1+ Kh8 45. b4
Qxh2 46. Rf1 Qg2+ 0-1

[Event "Challenge"]
[Site "http://www.queenalice.com/game.php?id=490487"]
[Date "2008.11.9"]
[Round "-"]
[White "berguette"]
[Black "BboyH"]
[Result "0-1"]
[WhiteElo "1504"]
[BlackElo "1822"]

1. e4 e5 2. Nf3 d6 3. Bb5+ c6 4. Bc4 b5 5. Bb3 Ba6 6. O-O Nf6 7. Nc3 b4 8. Na4
Bxf1 9. Kxf1 Nxe4 10. d4 Nd7 11. dxe5 Nxe5 12. Nxe5 dxe5 13. Qf3 f5 14. Be3 g6
15. Rd1 Bd6 16. c3 f4 17. Bd2 a5 18. cxb4 Qc7 19. Qxe4 O-O-O 20. bxa5 Be7 21.
Be6+ Kb8 22. Bb4 Rxd1+ 23. Ke2 Rd4 24. Qc2 Bxb4 25. g3 Rd2+ 0-1

[Event "Challenge"]
[Site "http://www.queenalice.com/game.php?id=494212"]
[Date "2008.11.16"]
[Round "-"]
[White "Hugo62"]
[Black "berguette"]
[Result "0-1"]
[WhiteElo "1367"]
[BlackElo "1547"]

1. e4 e5 2. Nf3 Nc6 3. Nc3 d6 4. d3 Nd4 5. Bg5 f6 6. Bh4 Nh6 7. h3 g5 8. Bg3 d5
9. Qd2 dxe4 10. dxe4 g4 11. Nh4 Bd7 12. O-O-O gxh3 13. Rxh3 Qe7 14. Bd3 O-O-O
15. Nd5 Qf7 16. f3 c6 17. Nc3 Bxh3 18. gxh3 Kb8 19. Na4 Qxa2 20. Nc3 Qa1+ 21.
Nb1 a5 22. Qc3 Bb4 23. Qc4 b5 24. Bxe5+ fxe5 25. Qxd4 Rxd4 26. Ng2 Rg8 27. Ne3
a4 28. b3 Rc8 29. Rg1 axb3 0-1

[Event "Poirot"]
[Site "http://www.queenalice.com/game.php?id=499440"]
[Date "2008.11.28"]
[Round "1"]
[White "berguette"]
[Black "ciceroeduardo"]
[Result "1-0"]
[WhiteElo "1501"]
[BlackElo "1661"]

1. e4 e5 2. Nf3 Nc6 3. Nc3 Nf6 4. Bc4 d6 5. O-O Be7 6. Ng5 Be6 7. Bxe6 fxe6 8.
Nxe6 Qd7 9. Nxg7+ Kf7 10. Nf5 Bf8 11. b4 Ne7 12. Nd5 Nexd5 13. c4 Nxb4 14. a3
Nc6 15. Rb1 b6 16. d3 Ne7 17. Nh6+ Bxh6 18. Bxh6 Ng4 19. Bg5 Rae8 20. h3 h6 21.
Qf3+ Kg6 22. Bh4 Ng8 23. hxg4 Rf8 24. Qxf8 Qxg4 25. g3 Qe2 26. Qe8+ Kg7 27. Qd7+
Kg6 28. Qxc7 Qxd3 29. Qxa7 Qxe4 30. Rxb6 Rh7 31. Qa8 Qxc4 32. Qe8+ Rf7 33. Rxd6+
Nf6 34. Qd8 1-0

[Event "AUTO-INT-1156"]
[Site "http://www.queenalice.com/game.php?id=516709"]
[Date "2009.1.3"]
[Round "1"]
[White "coutovet"]
[Black "berguette"]
[Result "1-0"]
[WhiteElo "1640"]
[BlackElo "1560"]

1. e4 e5 2. Nf3 Nc6 3. d4 Bb4+ 4. c3 Ba5 5. d5 Nd4 6. Nxe5 Qe7 7. Qxd4 c5 8. d6
Qf6 9. Qd5 Nh6 10. b4 cxb4 11. Qxa5 b6 12. Qd5 Bb7 13. Qxb7 Rd8 14. Qd5 bxc3 15.
Bb5 O-O 16. Nxd7 Rxd7 17. e5 Qf5 18. Bxd7 Qxd7 19. Nxc3 Qf5 20. O-O Rc8 21. Bxh6
gxh6 22. Nb5 Rc5 23. Qa8+ Kg7 24. Nxa7 Rxe5 25. Qb7 h5 26. d7 Rd5 27. Rad1 Re5
28. d8=Q h4 29. Qbc8 Qg5 30. Qg8+ Kh6 31. Rd6+ f6 32. Qcf8+ Kh5 33. Qxh7+ Kg4
34. Rd4+ Qf4 35. Rxf4+ Kxf4 36. Qfh6+ Kg4 37. h3# 1-0

[Event "AUTO-INT-1156"]
[Site "http://www.queenalice.com/game.php?id=516710"]
[Date "2009.1.3"]
[Round "1"]
[White "berguette"]
[Black "coutovet"]
[Result "0-1"]
[WhiteElo "1556"]
[BlackElo "1662"]

1. e4 e5 2. Nf3 d6 3. Bb5+ Bd7 4. a4 Bxb5 5. axb5 Qd7 6. O-O Qxb5 7. Nc3 Qd7 8.
Nd5 Nc6 9. b4 Be7 10. Nxe7 Ngxe7 11. b5 Nd4 12. Nxd4 exd4 13. Ba3 Qxb5 14. Rb1
Qa6 15. Rb3 O-O 16. Rh3 c5 17. Qf3 b5 18. Qh5 h6 19. Rg3 Ng6 20. f4 Kh7 21. f5
Ne5 22. f6 g6 23. Qh4 b4 24. Bb2 Qa2 25. Bc1 Qxc2 26. Rh3 h5 27. d3 Rh8 28. Qg5
Kg8 29. Bf4 Re8 30. Rf2 Qd1+ 31. Rf1 Qg4 32. Kh1 Qxg5 33. Bxg5 a5 34. Ra1 Ra8
35. Re1 a4 36. Bc1 Ng4 37. Kg1 Nxf6 38. Bg5 Ng4 39. Bf4 Ra6 40. Rg3 a3 41. Ra1
b3 42. h3 Nf6 43. e5 dxe5 44. Bxe5 b2 45. Rb1 a2 46. Rd1 b1=Q 47. Rxb1 axb1=Q+
48. Kh2 Ra1 49. Rf3 h4 50. Rxf6 Qh1# 0-1

[Event "AUTO-INT-1156"]
[Site "http://www.queenalice.com/game.php?id=516724"]
[Date "2009.1.3"]
[Round "1"]
[White "berguette"]
[Black "Powred"]
[Result "1-0"]
[WhiteElo "1544"]
[BlackElo "1361"]

1. e4 e5 2. Nf3 Nc6 3. Bb5 a6 4. Bxc6 dxc6 5. Nxe5 Nf6 6. O-O Bc5 7. Nc3 O-O 8.
Qf3 Re8 9. Qg3 Bd6 10. d4 Nh5 11. Qf3 Bxe5 12. Qxh5 Bxd4 13. Qf3 Bxc3 14. bxc3
Be6 15. Rd1 Qe7 16. Qg3 Rac8 17. Bh6 Qf6 18. Bf4 Bc4 19. Bg5 Qg6 20. Rd4 Rxe4
21. Rd7 Rce8 22. f3 R4e6 23. Rxc7 Qxc2 24. Rc1 Qb2 25. a4 Qb6+ 26. Kh1 1-0

[Event "AUTO-INT-1156"]
[Site "http://www.queenalice.com/game.php?id=516731"]
[Date "2009.1.3"]
[Round "1"]
[White "PH_gga"]
[Black "berguette"]
[Result "0-1"]
[WhiteElo "1557"]
[BlackElo "1546"]

1. e4 e5 2. Nf3 Nc6 3. d4 Bb4+ 4. Bd2 Bxd2+ 5. Qxd2 f6 6. dxe5 Nxe5 7. Nxe5 fxe5
8. Bc4 Nf6 9. O-O Ng4 10. Qd3 Qh4 11. Qh3 Qg5 12. f3 Ne3 13. Rf2 Nxc4 14. Nc3 d5
15. Qg3 Qh5 16. Qxg7 Rf8 17. Nxd5 Rf7 18. Nxc7+ Rxc7 19. g4 Qh3 20. Qg8+ Ke7 21.
Rd1 Bd7 22. Qd5 Rd8 23. b3 Ne3 24. Qxe5+ Kf7 25. Qxc7 Nxd1 26. Rd2 Ne3 27. Qxd8
Bb5 28. Qc7+ Kf6 29. Qf4+ Kg6 30. Qxe3 Qf1# 0-1

[Event "AUTO-INT-1156"]
[Site "http://www.queenalice.com/game.php?id=516732"]
[Date "2009.1.3"]
[Round "1"]
[White "berguette"]
[Black "PH_gga"]
[Result "0-1"]
[WhiteElo "1549"]
[BlackElo "1576"]

1. e4 e5 2. Nf3 Nc6 3. Bb5 a6 4. Bxc6 dxc6 5. Nxe5 Qd4 6. Nc3 Qxe5 7. O-O Bd6 8.
g3 Nf6 9. f4 Qd4+ 10. Kg2 Nxe4 11. Re1 Qf2+ 12. Kh1 Bh3 13. Rg1 Nxc3 14. bxc3
O-O-O 15. Bb2 Bc5 16. d4 Bb6 17. c4 Bxd4 18. Bxd4 Rxd4 19. Qb1 Rd2 20. Qb3 Bg2+
21. Rxg2 Qxg2# 0-1

[Event "Challenge"]
[Site "http://www.queenalice.com/game.php?id=518514"]
[Date "2009.1.7"]
[Round "-"]
[White "welschren"]
[Black "berguette"]
[Result "0-1"]
[WhiteElo "1442"]
[BlackElo "1534"]

1. e4 e5 2. Nf3 Nc6 3. Bb5 a6 4. Ba4 b5 5. Bb3 a5 6. a4 bxa4 7. Bd5 a3 8. Nxa3
Nf6 9. Bxc6 dxc6 10. O-O Ba6 11. Re1 Qd6 12. d3 Be7 13. c4 O-O 14. Be3 Rad8 15.
Qc2 Qe6 16. Qc3 Ng4 17. Nc2 g6 18. b4 axb4 19. Nxb4 Bb7 20. Ra7 Ba8 21. d4 exd4
22. Bxd4 c5 23. Ra6 Qc8 24. Nc6 Bxc6 25. Rxc6 Qa8 26. h3 Qxc6 27. hxg4 cxd4 28.
Nxd4 Qb6 29. Rd1 Bb4 30. Qh3 Rxd4 0-1

[Event "Challenge"]
[Site "http://www.queenalice.com/game.php?id=532242"]
[Date "2009.1.30"]
[Round "-"]
[White "Alligator427"]
[Black "berguette"]
[Result "1-0"]
[WhiteElo "2057"]
[BlackElo "1562"]

1. e4 e5 2. Nf3 d6 3. d4 exd4 4. Nxd4 Nc6 5. Nc3 Nxd4 6. Qxd4 Nf6 7. Bc4 Be6 8.
Bxe6 fxe6 9. e5 dxe5 10. Qxe5 Qd7 11. O-O Bd6 12. Qe2 O-O-O 13. Be3 h5 14. Nb5
Bb4 15. Rad1 Qc6 16. Nxa7+ Kb8 17. Nxc6+ bxc6 18. Qa6 1-0

[Event "AUTO-INT-1250"]
[Site "http://www.queenalice.com/game.php?id=561821"]
[Date "2009.3.26"]
[Round "1"]
[White "diego2907"]
[Black "berguette"]
[Result "1-0"]
[WhiteElo "1813"]
[BlackElo "1518"]

1. e4 e5 2. Bc4 Nh6 3. d3 Bb4+ 4. c3 Ba5 5. Bxh6 gxh6 6. Qh5 Rf8 7. Qxe5+ Qe7 8.
Qxe7+ Kxe7 9. Nd2 c6 10. Nb3 b5 11. Nxa5 d5 12. Bb3 dxe4 13. dxe4 Rd8 14. Bc2 c5
15. Nb3 c4 16. Nd4 Rg8 17. Nxb5 Na6 18. Nd4 Rb8 19. Nc6+ Ke8 20. Nxb8 Nxb8 21.
Nh3 Nc6 22. Nf4 Ne5 23. Nd5 Bg4 24. Nf6+ Kf8 25. Nxg8 Kxg8 26. f3 Bh5 27. O-O-O
a5 28. Rd5 1-0

[Event "AUTO-INT-1250"]
[Site "http://www.queenalice.com/game.php?id=561822"]
[Date "2009.3.26"]
[Round "1"]
[White "berguette"]
[Black "diego2907"]
[Result "0-1"]
[WhiteElo "1483"]
[BlackElo "1743"]

1. e4 e5 2. Nf3 Bc5 3. Nxe5 d6 4. Nd3 Bb6 5. Qf3 Nf6 6. Be2 Bg4 7. Qg3 Bxe2 8.
Kxe2 O-O 9. Nc3 Nbd7 10. e5 dxe5 11. a4 Re8 12. Re1 Re7 13. Nb4 Nh5 14. Qg4 Ndf6
15. Qf3 c6 16. Kf1 h6 17. Ne4 Nxe4 18. Qxe4 Nf6 19. Qf3 Qc7 20. d3 Rd8 21. Qg3
Rd4 22. Bxh6 Rg4 23. Qh3 Rg6 24. Be3 Bxe3 25. fxe3 Ng4 26. d4 exd4 27. c3 dxe3
28. Nc2 e2+ 29. Kg1 Ree6 30. Nd4 Re4 0-1

[Event "AUTO-INT-1250"]
[Site "http://www.queenalice.com/game.php?id=561838"]
[Date "2009.3.26"]
[Round "1"]
[White "berguette"]
[Black "limovsksan"]
[Result "0-1"]
[WhiteElo "1527"]
[BlackElo "1712"]

1. e4 e5 2. Nf3 d6 3. Bc4 h6 4. O-O Nf6 5. d3 c6 6. b4 b5 7. Bb3 Na6 8. d4 Qc7
9. dxe5 dxe5 10. Re1 Nxb4 11. Nc3 Bg4 12. a3 Na6 13. a4 Nc5 14. h3 Nxb3 15. Bb2
Nxa1 16. Qxa1 Bxf3 17. gxf3 b4 18. Nd1 Bd6 19. c3 c5 20. cxb4 cxb4 21. Ne3 O-O
22. Nf5 Rfe8 23. Rc1 Qd7 24. Rc2 a5 25. Rd2 Ra6 26. Qd1 Re6 27. Nd4 exd4 28.
Bxd4 Qe7 29. Qe2 Bf4 30. Rc2 Rac6 31. Rxc6 Rxc6 32. e5 Rc1+ 33. Kg2 Nh5 34. h4
Qxh4 35. Be3 Qh2# 0-1

[Event "AUTO-INT-1250"]
[Site "http://www.queenalice.com/game.php?id=561849"]
[Date "2009.3.26"]
[Round "1"]
[White "berguette"]
[Black "Danado"]
[Result "0-1"]
[WhiteElo "1540"]
[BlackElo "1626"]

1. e4 e5 2. Nf3 Nc6 3. Bc4 h6 4. O-O Nf6 5. Re1 d5 6. exd5 Nxd5 7. Nxe5 Nxe5 8.
Rxe5+ Be6 9. Bb5+ c6 10. Ba4 Bd6 11. Re4 Qg5 12. g3 b5 13. Bb3 O-O 14. c4 bxc4
15. Bxc4 f5 16. Rxe6 Rad8 17. d3 Qg4 18. f3 Qh3 19. Qa4 Rde8 20. Rxd6 Re1+ 21.
Kf2 Qf1# 0-1

[Event "AUTO-INT-1250"]
[Site "http://www.queenalice.com/game.php?id=561850"]
[Date "2009.3.26"]
[Round "1"]
[White "Danado"]
[Black "berguette"]
[Result "1-0"]
[WhiteElo "1673"]
[BlackElo "1504"]

1. e4 e5 2. d4 Nc6 3. Nf3 exd4 4. Nxd4 Nxd4 5. Qxd4 c5 6. Qe5+ Be7 7. Qxg7 Bf6
8. Bh6 Bxg7 9. Bxg7 Nf6 10. Bxh8 Ng4 11. Bc3 d6 12. Bg7 Qg5 13. Bc3 d5 14. Bd2
Qe5 15. Be2 Qxe4 16. f3 Qxc2 17. Nc3 d4 18. fxg4 dxc3 19. bxc3 b5 20. Bd1 Qe4+
21. Be2 b4 22. c4 Bb7 23. Rg1 Rd8 24. Rd1 f5 25. g5 Qh4+ 26. Kf1 Kf8 27. h3 Re8
28. Bf4 Qxf4+ 29. Ke1 Qh4+ 30. Kd2 Qe4 31. Rge1 Rd8+ 32. Kc1 Rc8 33. Bf3 Qxc4+
34. Kb1 Ba6 35. Bd5 Qc3 36. Rf1 Rd8 37. Rc1 Bd3+ 38. Rc2 1-0

[Event "Challenge"]
[Site "http://www.queenalice.com/game.php?id=566274"]
[Date "2009.4.3"]
[Round "-"]
[White "berguette"]
[Black "Martial"]
[Result "0-1"]
[WhiteElo "1477"]
[BlackElo "1410"]

1. e4 e5 2. Nf3 Nc6 3. Bb5 a6 4. Bxc6 dxc6 5. Nxe5 Qe7 6. O-O Qxe5 7. Re1 Bd6 8.
g3 Nf6 9. Nc3 O-O 10. d4 Qa5 11. a4 Bb4 12. e5 Nd5 13. Bd2 Nxc3 14. bxc3 Bxc3
15. Bxc3 Qd5 16. a5 Bh3 17. f3 c5 18. Bb2 Rae8 0-1

[Event "Poirot"]
[Site "http://www.queenalice.com/game.php?id=570882"]
[Date "2009.4.12"]
[Round "2"]
[White "Matrix"]
[Black "berguette"]
[Result "1-0"]
[WhiteElo "1672"]
[BlackElo "1514"]

1. e4 e5 2. Nf3 Nc6 3. Bb5 a6 4. Bxc6 bxc6 5. d3 Bc5 6. c3 d5 7. Bd2 dxe4 8.
dxe4 Nf6 9. Nxe5 O-O 10. Qf3 Re8 11. Nxc6 Qd6 12. Na5 Nxe4 13. O-O c6 14. Be3
Bxe3 15. fxe3 Qd5 16. Nb3 g6 17. N1d2 Nxd2 18. Nxd2 Qxd2 19. Qxf7+ Kh8 20. Qxe8+
Kg7 21. Qf8# 1-0